Books by Face Mask Quiz Stats

 Plays Quiz not verified by Sporcle

Support Sporcle.
Go Orange.
Score 0/16 Timer 05:00
0 Plays Today
Hint Answer % Correct
Harry Potter
98.2%
Sherlock Holmes
94.5%
How the Grinch Stole Christmas!
93.1%
The Lord of the Rings
88.4%
Frankenstein
87.8%
Winnie-the-Pooh
79.5%
The Very Hungry Caterpillar
78.8%
Alice's Adventures in Wonderland
77.1%
Hint Answer % Correct
Charlie and the Chocolate Factory
70.6%
A Song of Ice and Fire
59.7%
The Chronicles of Narnia
58%
The Hitchhiker's Guide to the Galaxy
57.6%
The Wonderful Wizard of Oz
56.8%
The Hunger Games
53.3%
Don Quixote
42.6%
The Little Prince
26.2%

You're not logged in!

Compare scores with friends on all Sporcle quizzes.
OR
Log In

From the Vault

Click the Coral Sea Countries

by PrincessMartell

You'll never guess what lives in the Coral Sea.
Remove Ads.
Support Sporcle.
Get the best of Sporcle when you Go Orange. This ad-free experience offers more features, more stats, and more fun while also helping to support Sporcle. Thank you for becoming a member.

Show Comments

Extras

Top Quizzes Today


Score Distribution

Your Account Isn't Verified!

In order to create a playlist on Sporcle, you need to verify the email address you used during registration. Go to your Sporcle Settings to finish the process.

Report this User

Report this user for behavior that violates our Community Guidelines.

Details: